00314 2200133 4500001002100000005001500021035002000036245004400056100001800100300001100118260003100129082000800160990001200168INLIS00000000000211920250527111158 a0010-05250004111 aGo Nunic Bersama Plato /cPaul Startern0 aPaul Startern a57 hlm aJakarta :bErlangga,c2001 a813 a0712684